Možnosti využitia sociálnych sietí v podnikaní bakalárska práca

Salvato in:
Dettagli Bibliografici
Autore principale: Adamovová, Veronika
Ente Autore: Podnikovohospodárska fakulta EU so sídlom v Košiciach. Katedra marketingu a obchodu
Altri autori: Milčevičová, Edita
Natura: Libro
Lingua:slovacco
Pubblicazione: Košice 2012
Tags: Aggiungi Tag
Nessun Tag, puoi essere il primo ad aggiungerne!!

MARC

LEADER 00000nbm a2200000 4500
001 0155670
005 20161109111908.3
041 0 |a slo 
044 |a SK 
245 1 0 |a Možnosti využitia sociálnych sietí v podnikaní  |b bakalárska práca  |c Veronika Adamovová ; školiteľ: Edita Milčevičová 
264 1 |a Košice  |c 2012 
300 |a 60 s. 
100 1 |a Adamovová, Veronika 
700 1 |a Milčevičová, Edita 
710 2 |a Podnikovohospodárska fakulta EU so sídlom v Košiciach. Katedra marketingu a obchodu